| 000 | 00914nam a2200277 i 4500 | ||
|---|---|---|---|
| 001 | 000028051 | ||
| 003 | DO-SdBNP | ||
| 005 | 20250729142033.0 | ||
| 007 | ta | ||
| 008 | 110406s2001 dr r 000 0 spa d | ||
| 040 |
_aDO-SdBNP _bspa _cBNPHU _erda |
||
| 041 | _aspa | ||
| 082 | 4 |
_axxx _bE79o _222 |
|
| 110 | 1 |
_aRepública Dominicana _bUniversidad Autónoma de Santo Domingo _972951 |
|
| 245 | 1 | 0 | _aEstatuto orgánico de la Universidad Autónoma de Santo Domingo |
| 264 | 1 |
_aSanto Domingo : _bEditora Universitaria-UASD, _c2001. |
|
| 300 |
_a74 paginas ; _c21 cm. |
||
| 336 |
_atexto _btxt _2rdacontent |
||
| 337 |
_asin medición _bn _2rdamedia |
||
| 338 |
_avolumen _bnc _2rdacarrier |
||
| 490 | 1 |
_aPublicaciones de la Universidad Autónoma de Santo Domingo ; _v1029 |
|
| 590 | _aInventariado, 2023 / YL | ||
| 650 | 4 |
_aUniversidades _zRepública Dominicana _9729 |
|
| 910 | _aYLockward | ||
| 942 |
_2ddc _cLBS1 |
||
| 999 |
_c54270 _d54270 |
||